Agencias de viajes y transportación (Registro nro. 9183)
[ vista simple ]
| 000 -CABECERA | |
|---|---|
| campo de control de longitud fija | 01154aam a2200421 4500 |
| 005 - FECHA Y HORA DE ACTUALIZACIÓN | |
| campo de control | 20171023112216.0 |
| 008 - LONGITUD FIJA | |
| campo de control de longitud fija | 150804b xxu||||| |||| 00| 0 spa d |
| 020 ## - INTERNATIONAL STANDARD BOOK NUMBER | |
| Número Internacional Estándar del Libro | 9786071704429 |
| 041 ## - IDIOMA | |
| Código de idioma del texto/pista de sonido o título separado | |
| 082 ## - CLASIFICACIÓN DECIMAL DEWEY | |
| Número de clasificación | 1.3.4 T689a5 |
| 100 ## - AUTOR PERSONAL | |
| Nombre de persona | Torre, Francisco de la |
| 245 ## - TÍTULO PROPIAMENTE DICHO | |
| Título | Agencias de viajes y transportación |
| 250 ## - EDICIÓN | |
| Mención de edición | 5 edición |
| 260 ## - PIE DE IMPRENTA | |
| Lugar de publicación, distribución, etc. | México |
| 260 ## - PIE DE IMPRENTA | |
| Nombre del editor, distribuidor, etc. | Trillas |
| 260 ## - PIE DE IMPRENTA | |
| Fecha de publicación, distribución, etc. | 2010 |
| 300 ## - DESCRIPCIÓN FÍSICA | |
| Extensión | 208 páginas |
| 650 ## - Materia General | |
| Materia general | AGENCIAS DE VIAJES |
| 650 ## - Materia General | |
| Materia general | TURISMO |
| 650 ## - Materia General | |
| Materia general | AGENTE DE VIAJES |
| 650 ## - Materia General | |
| Materia general | ORGANIGRAMAS |
| 650 ## - Materia General | |
| Materia general | VENTAS |
| 650 ## - Materia General | |
| Materia general | TRANSPORTE ÁREA |
| 650 ## - Materia General | |
| Materia general | TRANSPORTE TERRESTRE |
| 650 ## - Materia General | |
| Materia general | TRANSPORTE ACUÁTICO |
| 650 ## - Materia General | |
| Materia general | RECURSOS HUMANOS |
| 650 ## - Materia General | |
| Materia general | CATÁLOGO DE CUENTAS |
| 650 ## - Materia General | |
| Materia general | FORMALIDADES FRONTERISAS |
| 650 ## - Materia General | |
| Materia general | MIGRACIÓN |
| 650 ## - Materia General | |
| Materia general | ADUNA |
| 650 ## - Materia General | |
| Materia general | SANIDAD |
| 650 ## - Materia General | |
| Materia general | PAQUETE TURÍSTICO |
| 650 ## - Materia General | |
| Materia general | INTERNET |
| 650 ## - Materia General | |
| Materia general | SABRE |
| 650 ## - Materia General | |
| Materia general | FACTURACIÓN |
| 650 ## - Materia General | |
| Materia general | PAGO |
| 942 ## - Punto de Acceso Adicional Koha | |
| Tipo de ítem Koha | Libro |
| Estado perdido | Estado dañado | No para préstamo | Biblioteca permanente | Biblioteca actual | Signatura completa | Código de barras | Precio efectivo a partir del | Tipo de ítem |
|---|---|---|---|---|---|---|---|---|
| Departamento de Biblioteca y Documentación Alfonso Chase Brenes | Departamento de Biblioteca y Documentación Alfonso Chase Brenes | 1.3.4 T689a5 | 22010 | 30/03/2017 | Libro |